Countries in a Koru on an Empty Map - Statistics

General Stats
  • This quiz has been taken 3,060 times
  • The average score is 48 of 52
Answers on the Map
Answers color-coded by a green-red scale on the quiz's map according to % correct below.
 
Answer Stats
Answer % Correct
Russia
98%
United Kingdom
98%
France
97%
Germany
97%
Spain
97%
Italy
96%
Poland
96%
Algeria
95%
Czech Republic
95%
Egypt
95%
Portugal
95%
Switzerland
95%
Turkey
95%
Ukraine
95%
Belarus
94%
Croatia
94%
Greece
94%
Hungary
94%
Libya
94%
Romania
94%
Serbia
94%
Slovakia
94%
Slovenia
94%
Belgium
93%
Bosnia and Herzegovina
93%
Bulgaria
93%
Denmark
93%
Israel
93%
Morocco
93%
Sweden
93%
Tunisia
93%
Albania
92%
Kosovo
92%
Latvia
92%
Lithuania
92%
Luxembourg
92%
Moldova
92%
Montenegro
92%
North Macedonia
92%
San Marino
92%
Syria
92%
Vatican City
92%
Chad
91%
Jordan
91%
Niger
90%
Lebanon
89%
Malta
89%
Andorra
87%
Cyprus
87%
Austria
84%
Georgia
68%
Palestine
66%
No matching quizzes found
Score Distribution
Percent of People with Each Score
Percentile by Number Answered
Your Score History
You have not taken this quiz